000 00945nam a2200241 a 4500
001 000011722
005 20240305092125.0
008 091027s2005 dr a 000 0 spa d
020 _z9945160
040 _aDO-SdBNP
_bspa
_cBNPHU
082 _a610.6952
_bV297m
100 1 _aVargas Genao, Caraciolo,
_d1927-
_927772
245 1 0 _aMedio siglo en el seguro social dominicano /
_cCaraciolo Vargas Genao.
260 _aSanto Domingo :
_bManatí,
_c2005.
300 _a237 p. :
_bil. ;
_c23 cm.
500 _aIncluye datos biográficos del autor en la contracubierta.
504 _aIncluye referencias bibliográficas y notas al pie de las páginas.
590 _aInventariado,2018/DG
600 1 0 _aVargas Genao, Caracciolo,
_d1927-2015
_91504
650 4 _aMedicina
_xAnécdotas, chistes, sátiras, etc.
_97153
650 4 _aSeguridad social
_zRepública Dominicana
_xHistoria
_927773
650 4 _aHospitales
_zRepública Dominicana
_xHistoria
_913983
999 _c11397
_d11397